Latex line by line : tips and techniques for document processing
Αποθηκεύτηκε σε:
| Κύριος συγγραφέας: | |
|---|---|
| Μορφή: | Βιβλίο |
| Γλώσσα: | English |
| Δημοσίευση: |
Chichester, West Sussex, England ; New York :
John Wiley,
1994
|
| Έκδοση: | 1st ed., Repr. |
| Σειρά: | Wiley professional computing
|
| Θέματα: | |
| Ετικέτες: |
Προσθήκη ετικέτας
Δεν υπάρχουν, Καταχωρήστε ετικέτα πρώτοι!
|
MARC
| LEADER | 00000nam a2200000 i 4500 | ||
|---|---|---|---|
| 001 | 1/46179 | ||
| 008 | 950615s19931994 eng d | ||
| 020 | |a 0-471-93471-2 | ||
| 035 | |a 1995 |c ΚΕΧΑΓΙΑΣ |l 10042729 | ||
| 040 | |a GR-MY-UA |b gre |e aacr | ||
| 041 | 0 | |a eng | |
| 082 | 0 | |a 686.22544536 |2 (21) | |
| 100 | 1 | |a Diller, Antoni. | |
| 245 | 1 | 0 | |a Latex line by line : |b tips and techniques for document processing / |c Antoni Diller |
| 250 | |a 1st ed., Repr. | ||
| 260 | |a Chichester, West Sussex, England ; New York : |b John Wiley, |c 1994 | ||
| 300 | |a xiii, 291 σ.; |b εικ.; |c 24 εκ. | ||
| 490 | 1 | |a Wiley professional computing | |
| 500 | |a Περιλαμβάνει βιβλιογραφίες και ευρετήριο | ||
| 630 | 0 | 0 | |a LaTeX (Computer file) |
| 650 | 0 | 0 | |a Mathematics printing |x Computer programs. |
| 650 | 0 | 0 | |a Computerized typesetting. |
| 830 | 0 | |a Wiley professional computing | |
| 852 | |a INST |b SAMOS |e 19950615 |h 686.22544536 DIL |p 005300005533 |q 005300005533 |t BK |y 0 | ||
| 909 | |a Σ |b 039031 | ||
| 970 | |a ΚΟΝΤΟΥ |b ΠΑΡΑΣΚΕΥΗ |z 2008/01/24 | ||